000 00876nab a2200253 u 4500
001 12870
003 HDC
007 cr bn ---aaaaa
008 210211c xx dr|noo 0 a may d
040 _aHDC
100 _aLoone, Susan.,
_eauthor
_913698
245 0 _aJuadah tak halal: NGO Melayu bakar The Star /
_cby Susan Loone
260 _a[No place] :
_b[publisher not identified],
_c[no date]
336 _atext
_2rdacontent
337 _acomputer
_2rdamedia
338 _aonline resource
_2rdacarrier
650 _aFood industry and trade
_xReligious aspects
_x Islam
_9149
650 _aHalal food
_950
710 _aMalaysiakini
856 _zRequest full-text at [email protected]
942 _2lcc
942 _cNEWS
942 _kNWSO 001739
999 _c10189
_d10189